01043cam a22002891 4500001001300000003000400013005001700017008004100034010001700075035001900092040004500111042001200156050002300168100002100191245006000212260002000272300007600292490006700368500004200435500004500477504002800522650003900550650004200589740003000631810007500661999001700736gs 60000203 DLC20260227111409.0780208s1959 gauab b 000 0 eng c ags 60000203  a(OCoLC)3619347 aU.S. Geol. Survey. Libr.cOTdOCoLCdDLC apremarc00aQE101b.A12 no. 681 aHurst, Vernon J.14aThe geology and mineralogy of Graves Mountain, Georgia. aAtlanta,c1959. av, 33 p.billus., maps (1 fold col. in pocket) diagrs., tables.c23 cm.1 aGeorgia. Dept. of Mines, Mining, and Geology. Bulletinvno. 68 aFolded map in pocket in back of book. aAt head of title: The Geological Survey. aBibliography: p. 31-32. 0aGeologyzGeorgiazGraves Mountain. 0aMineralogyzGeorgiazGraves Mountain.0 aGraves Mountain, Georgia.10aGeorgia.bDepartment of Mines, Mining, and Geology.tBulletinvno. 68. c29446d29446